Statistics for UK Sports Stadiums

Click here to take the quiz!

General Stats

  • This quiz has been taken 181 times
  • The average score is 34 of 100

Answer Stats

#CapacityStadiumTeam or Sports Club% Correct
375,731Old TraffordManchester United
97%
4326,000Old TraffordLancashire County Cricket Club
97%
190,000WembleyHeadquarters of the FA
97%
282,000TwickenhamEngland Rugby Team / HQ
93%
1054,074AnfieldLiverpool FC
90%
860,432EmiratesArsenal
88%
1641,841Stamford BridgeChelsea
85%
1152,404St James' ParkNewcastle
84%
1449,000Stadium of LightSunderland
82%
666,000London StadiumWest Ham United
80%
1350,817IbroxRangers FC
78%
1542,573Villa ParkAston Villa
77%
1937,890Elland RoadLeeds United
74%
1740,394Goodison ParkEverton
72%
762,062White Hart LaneTottenham Hotspur
71%
2432,689St Mary'sSouthampton FC
66%
960,411Celtic ParkGlasgow Celtic
64%
1251,866Hampden ParkScotland's national football team
64%
567,144MurrayfieldScottish Rugby Team
64%
1839,732HillsboroughSheffield Wednesday F.C.
61%
4525,700Craven CottageFulham F.C.
58%
474,500Millennium StadiumWelsh Rugby Team
57%
2133,597Pride ParkDerby
56%
4226,309Selhurst ParkCrystal Palace F.C.
52%
3628,000Lord'sMCC & Middlesex County Cricket Club
51%
2332,702Bramall LaneSheffield United F.C.
47%
2731,700MolineuxWolverhampton Wanderers FC
47%
3927,033Carrow RoadNorwich City F.C.
46%
2831,367Ewood ParkBlackburn Rovers FC
45%
2632,500King Power StadiumLeicester City FC
45%
2034,742Riverside StadiumMiddlesbrough
43%
3030,602City GroundNottingham Forest F.C.
42%
5722,546Turf MoorBurnley F.C.
41%
3430,009St Andrew'sBirmingham City F.C.
39%
2930,750Amex StadiumBrighton & Hove Albion FC
38%
2532,609Ricoh ArenaCoventry City FC and Wasps RFC
38%
4126,688The HawthornsWest Bromwich Albion F.C.
38%
5423,500The OvalSurrey County Cricket Club
38%
3827,111The ValleyCharlton Athletic F.C.
38%
5025,000EdgbastonWarwickshire County Cricket Club
35%
3230,311Portman RoadIpswich Town FC
34%
7317,500Trent BridgeNottinghamshire County Cricket Club
33%
2233,280Cardiff City StadiumCardiff City and The Welsh National Football Team
32%
5921,977Vicarage RoadWatford F.C.
32%
3330,183Bet365Stoke City F.C.
31%
6320,224Fratton ParkPortsmouth FC
31%
4027,000Ashton GateBristol City F.C. & Bristol Rugby
30%
6021,050HeadingleyLeeds Rhinos & Leeds Carnegie
28%
7217,500HeadingleyYorkshire County Cricket Club
28%
4725,138DW StadiumWigan Warriors & Wigan Athletic F.C.
27%
6918,200Loftus RoadQueen's Park Ranger FC
27%
4825,136Valley ParadeBradford City A.F.C.
25%
6520,146The New DenMillwall FC
23%
5523,408DeepdalePreston North End F.C.
22%
3130,500Stadium mkMilton Keynes Dons F.C.
22%
6120,532LibertySwansea City FC & Ospreys
21%
6220,421Easter RoadHibernian FC
20%
5820,866PittodrieAberdeen F.C.
20%
7916,000County GroundGloucestershire County Cricket Club
18%
8015,728County GroundSwindon Town F.C.
18%
4625,404KC StadiumHull F.C & Hull City A.F.C
18%
10012,500Cardiff Arms ParkCardiff Blues
17%
5623,009OakwellBarnsley FC
17%
8715,000Centre CourtWimbledon Tennis Championships
16%
9214,816The StoopHarlequin F.C & London Broncos
16%
4425,849Welford RoadLeicester Tigers
16%
6719,500Home ParkPlymouth Argyle F.C.
14%
6819,052Vale ParkPort Vale F.C.
14%
5224,500John Smith's StadiumHuddersfield Town FC & Huddersfield Giants
13%
5324,161MadejskiReading FC & London Irish RFC
13%
7816,220Bloomfield RoadBlackpool F.C.
12%
8415,460London RoadPeterborough United F.C.
12%
7416,789Prenton ParkTranmere Rovers F.C.
12%
9314,500The RecBath Rugby
12%
3528,723Macron StadiumBolton Wanderers F.C.
11%
3727,491Odsal StadiumBradford Bulls
11%
8215,500Crystal PalaceLondon Grand Prix & London Athletics
10%
9912,763Griffin ParkBrentford F.C.
10%
8115,643SWALEC StadiumGlamorgan County Cricket Club
10%
5125,000Ageas BowlHampshire County Cricket Club
9%
8615,231Keepmoat StadiumDoncaster Rovers F.C. & Doncaster
9%
7017,889Rugby ParkKilmarnock F.C.
9%
7516,651Brunton ParkCarlisle United F.C.
8%
6420,211Meadow LaneNotts County F.C.
8%
8815,000Riverside GroundDurham County Cricket Club
8%
9713,500Boundary ParkOldham Athletic A.F.C.
7%
9613,677Fir ParkMotherwell F.C.
7%
8515,249Franklin's GardensNorthampton Saints
7%
9414,223Tannadice ParkDundee United F.C.
7%
6620,099Tynecastle ParkHeart of Midlothian FC
7%
7616,500KingsholmGloucester Rugby
6%
7716,500MeadowbankEdinburgh City F.C.
5%
9514,061The ShayHalifax
5%
8315,500Racecourse GroundWrexham AFC & North Wales Crusaders
4%
9015,000Halliwell JonesWarrington Wolves
3%
8915,000St Lawrence GroundKent County Cricket Club Kent Spitfires
2%
4925,000The Darlington ArenaDarlington Mowden Park R.F.C.
2%
9813,350Halton StadiumWidnes Vikings
1%
7118,000Langtree ParkSt Helens R.F.C. & St Helens Town F.C.
1%
9114,870Parc y ScarletsScarlets, Llanelli RFC, Llanelli A.F.C.
1%

Score Distribution

Percentile by Number Answered

Percent of People with Each Score

Your Score History

You have not taken this quiz